-
KOHLS, RICHARD L. AND UHL, JOSEPH N
Entry Personal Name
Number of records used in: 1
001 - CONTROL NUMBER
003 - CONTROL NUMBER IDENTIFIER
005 - DATE AND TIME OF LATEST TRANSACTION
- control field:
20251211133434.0
008 - FIXED-LENGTH DATA ELEMENTS
- fixed length control field:
251211|| aca||aabn | a|a d
040 ## - CATALOGING SOURCE
- Original cataloging agency:
JRU
- Transcribing agency:
JRU
100 ## - HEADING--PERSONAL NAME
- Personal name:
KOHLS, RICHARD L. AND UHL, JOSEPH N
670 ## - SOURCE DATA FOUND
- Source citation:
Work cat.: (JRU)2055: KOHLS, RICHARD L. AND UHL, JOSEPH N. , MARKETING OF AGRICULTURAL PRODUCTS [9TH ED. ], 2009